000
00280nam a22001337a 4500
008
181224b xxu||||| |||| 00| 0 eng d
020
_a
0201210940
041
_a
eng
080
_a
540
100
_a
12
101
_a
KIM
245
_a
Chemistry
_c
Wilbraham,A.C
942
_2
udc
_c
BK
999
_c
53725
_d
53725